<?xml version="1.0" encoding="UTF-8"?><?xml-stylesheet type="text/xsl" href="static/style.xsl"?><OAI-PMH xmlns="http://www.openarchives.org/OAI/2.0/" xmlns:xsi="http://www.w3.org/2001/XMLSchema-instance" xsi:schemaLocation="http://www.openarchives.org/OAI/2.0/ http://www.openarchives.org/OAI/2.0/OAI-PMH.xsd"><responseDate>2026-06-07T07:49:43Z</responseDate><request verb="GetRecord" identifier="oai:riuma.uma.es:10630/40761" metadataPrefix="marc">https://riuma.uma.es/rest/oai/request</request><GetRecord><record><header><identifier>oai:riuma.uma.es:10630/40761</identifier><datestamp>2026-02-03T11:02:13Z</datestamp><setSpec>com_10630_2254</setSpec><setSpec>col_10630_37953</setSpec></header><metadata><record xmlns="http://www.loc.gov/MARC21/slim" xmlns:dcterms="http://purl.org/dc/terms/" xmlns:doc="http://www.lyncode.com/xoai" xmlns:xsi="http://www.w3.org/2001/XMLSchema-instance" xsi:schemaLocation="http://www.loc.gov/MARC21/slim http://www.loc.gov/standards/marcxml/schema/MARC21slim.xsd">
   <leader>00925njm 22002777a 4500</leader>
   <datafield ind2=" " ind1=" " tag="042">
      <subfield code="a">dc</subfield>
   </datafield>
   <datafield ind2=" " ind1=" " tag="720">
      <subfield code="a">Ayllón-Díaz-González, Juan Manuel</subfield>
      <subfield code="e">author</subfield>
   </datafield>
   <datafield ind2=" " ind1=" " tag="260">
      <subfield code="c">2023-09-02</subfield>
   </datafield>
   <datafield ind2=" " ind1=" " tag="520">
      <subfield code="a">Este artículo tiene por objeto el análisis técnico-jurídico de los derechos de la naturaleza. Partiendo del marco conceptual ecocéntrico en el que se originan estos derechos, el artículo expone, en primer lugar, los Estados que han reconocido derechos a la naturaleza en su conjunto. En relación con dichos Estados, el artículo examina cuáles son, en concreto, los derechos que se reconocen, cómo se protegen dichos derechos, a quién le corresponde garantizarlos y qué resultados prácticos, desde el punto de vista jurisprudencial, está teniendo dicha protección. Esta primera parte culmina con un análisis sobre el acomodo que tendrían estos derechos en la Constitución española de 1978. En segundo lugar, el artículo dirige su atención a aquellos Estados que han procedido a la personificación de ecosistemas concretos, tomando como referencia la personificación del Mar Menor, en España. En relación con los mismos, el artículo explora los instrumentos jurídicos que han llevado a cabo esos procesos de personificación, las características de los ecosistemas personificados, las implicaciones jurídicas que la personificación representa, los órganos que habrán de actuar como guardianes de estos ecosistemas, los derechos que se les reconocen y los instrumentos procesales para su protección.</subfield>
   </datafield>
   <datafield ind1="8" ind2=" " tag="024">
      <subfield code="a">“Sobre derechos de la naturaleza y otras prosopopeyas jurídicas, a propósito de una persona llamada "Mar Menor"”. Actualidad Jurídica Ambiental, núm. 138, 2 de octubre de 2023, pp. 9-96.</subfield>
   </datafield>
   <datafield ind1="8" ind2=" " tag="024">
      <subfield code="a">https://hdl.handle.net/10630/40761</subfield>
   </datafield>
   <datafield ind1="8" ind2=" " tag="024">
      <subfield code="a">10.56398/ajacieda.00339</subfield>
   </datafield>
   <datafield tag="653" ind2=" " ind1=" ">
      <subfield code="a">Derecho ambiental</subfield>
   </datafield>
   <datafield ind2="0" ind1="0" tag="245">
      <subfield code="a">Sobre derechos de la naturaleza y otras prosopopeyas jurídicas, a propósito de una persona llamada "Mar Menor".</subfield>
   </datafield>
</record>
</metadata></record></GetRecord></OAI-PMH>